All Pop Tart Flavors - Statistics

General Stats
  • This quiz has been taken 41 times
  • The average score is 14 of 79
Answer Stats
Answer % Correct
Strawberry
97%
Blueberry
74%
S’Mores
61%
Cherry
58%
Cookies & Crème
58%
Raspberry
55%
Chocolate Chip
48%
Chocolate Fudge
48%
Wildlicious Wild Berry
45%
Brown Sugar Cinnamon
35%
Grape
35%
Chocolate Chip Cookie Dough
32%
Hot Fudge Sundae
32%
Peanut Butter
32%
Pumpkin Pie
32%
Cinnamon Roll
29%
Mint Chocolate Chip
29%
Strawberry Milkshake
29%
Sugar Cookie
26%
American Apple Pie
23%
PB & J Strawberry
23%
Red Velvet
23%
Snickerdoodle
23%
Watermelon
23%
Blue Raspberry
19%
Chocolate Banana Split
19%
Eggo Waffle
19%
Apple Cinnamon Apple Jacks
16%
Banana Bread
16%
Chocolatey Strawberry
16%
Confetti Cupcake
16%
Orange Cream
16%
A&W Root Beer
13%
Chocolate Mocha
13%
Chocolate Peanut Butter
13%
Chocolatey Churro
13%
Gingerbread
13%
Hot Chocolate
13%
Peach Cobbler
13%
Salted Caramel Pretzel
13%
Tropical Mango
13%
Apple Fritter
10%
Apple Strudel
10%
Boston Crème Donut
10%
Brownie Batter
10%
Chocomallow Sundae
10%
Drizzled Cheesecake
10%
Froot Loops
10%
Ice-Berry
10%
Lemon Crème Pie
10%
Maple Bacon
10%
Strawberry Oatmeal
10%
Vanilla Latte
10%
Vanilla Milkshake
10%
Banana Crème Pie
6%
Choc-O-Lantern
6%
Chocolatey Chip Pancake
6%
Confetti Cake
6%
Crisp Apple
6%
Crush Orange
6%
Marshmallow Hot Chocolate
6%
Rainbow Cookie Sandwich
6%
Red Velvet Cupcake
6%
Vanilla I-Scream Cone
6%
Caramel Apple
3%
Cherry Turnover
3%
Chocolate Vanilla Crème
3%
Jolly Rancher Cherry
3%
Jolly Rancher Green Apple
3%
Jolly Rancher Watermelon
3%
Pink Lemonade
3%
Strawberry Cheese Danish
3%
Apple Cinnamon Muffin
0%
Blueberry Muffin
0%
Chocolatey Caramel
0%
Fruit Fusion
0%
Marshmallow Hot Cocoa
0%
Red White Blueberry
0%
Wild Berry Bloom
0%
No matching quizzes found
Score Distribution
Percent of People with Each Score
Percentile by Number Answered
Your Score History
You have not taken this quiz